Given Names: 90s TV Characters Quiz Stats

 Plays Quiz Updated Oct 26, 2018

Score 0/20 Timer 02:30
1 Play Today
Hint First Name % Correct
Rachel Green
94.3%
Timothy 'Tim' Taylor
85.3%
Sabrina Spellman
85.3%
Frasier Crane
80.6%
Buffy Summers
79.9%
Carlton Banks
79.3%
Steven 'Steve' Urkel
77.5%
Stimpy
73.7%
Cosmo Kramer
72.4%
Daria Morgendorffer
70.8%
Hint First Name % Correct
Zack Morris
70.6%
Dawson Leery
66.5%
Topanga Lawrence
61.6%
Angelica Pickles
58.9%
Margaret 'Peggy' Bundy
58.5%
Dana Scully
54.1%
Kevin Arnold
47.2%
Brandon Walsh
35.6%
Douglas 'Doug' Ross
29.1%
Dick Solomon
23.7%

You're not logged in!

Compare scores with friends on all Sporcle quizzes.
OR
Log In

Sporcle TV

Today on Sporcle TV


Watch our educational content, quiz creation guides, and fun videos on Sporcle TV.

Show Comments

Extras

Top Quizzes Today


Score Distribution

Your Account Isn't Verified!

In order to create a playlist on Sporcle, you need to verify the email address you used during registration. Go to your Sporcle Settings to finish the process.

Report this User

Report this user for behavior that violates our Community Guidelines.

Details: